Estimation of natural groundwater recharge /

Bibliographic Details
Corporate Authors: NATO Advanced Research Workshop on Estimation of Natural Recharge of Groundwater Antalya, Turkey, North Atlantic Treaty Organization. Scientific Affairs Division
Other Authors: Simmers, I. (Ian), 1937-
Format: Conference Proceeding Book
Language:English
Published: Dordrecht ; Boston : D. Reidel Pub. Co. ; [1988]
Series:NATO ASI series. Mathematical and physical sciences ; no. 222.
Subjects:

MARC

Tag First Indicator Second Indicator Subfields
LEADER 00000cam a22000008a 4500
001 in00000012312
005 20151007051813.0
008 870904s1987 ne a b 10110 eng
010 |a  87026854  
020 |a 9027726329 
035 |a (OCoLC)16832741 
035 |9 AAA4873AM 
040 |a DLC  |c DLC  |d TXA  |d UtOrBLW 
049 |a TXAM  |c [A12605431] 
050 0 0 |a GB1197.7  |b .N37 1987 
082 0 |a 551.49  |2 19 
111 2 |a NATO Advanced Research Workshop on Estimation of Natural Recharge of Groundwater  |d (1987 :  |c Antalya, Turkey) 
245 1 0 |a Estimation of natural groundwater recharge /  |c edited by I. Simmers. 
263 |a 8711 
264 1 |a Dordrecht ;  |a Boston :  |b D. Reidel Pub. Co. ;  |c [1988] 
264 2 |a Norwell, MA, U.S.A. :  |b Sold and distributed in the U.S.A. and Canada by Kluwer Academic Publishers, 
264 4 |c ©1988 
300 |a xiii, 510 pages :  |b illustrations 
336 |a text  |b txt  |2 rdacontent 
337 |a unmediated  |b n  |2 rdamedia 
338 |a volume  |b nc  |2 rdacarrier 
490 1 |a NATO ASI series. Series C, Mathematical and physical sciences ;  |v vol. 222 
500 |a "Proceedings of the NATO Advanced Research Workshop on Estimation of Natural Recharge of Groundwater ... Antalya (Side), Turkey, 8-15 March, 1987"-- Title page verso. 
500 |a "Published in cooperation with NATO Scientific Affairs Division." 
500 |a Includes bibliographies and index. 
650 0 |a Groundwater flow  |v Congresses. 
700 1 |a Simmers, I.  |q (Ian),  |d 1937- 
710 2 |a North Atlantic Treaty Organization.  |b Scientific Affairs Division. 
830 0 |a NATO ASI series.  |n Series C,  |p Mathematical and physical sciences ;  |v no. 222. 
999 |a MARS 
999 f f |s 811facd7-5641-3c14-9708-e7e0b3058844  |i a3009b4f-a5be-3f7f-8e70-0b82c3b00604  |t 0 
952 f f |p normal  |a Texas A&M University  |b College Station  |c Sterling C. Evans Library  |d Evans: Library Stacks  |t 0  |e GB1197.7 .N37 1987  |h Library of Congress classification  |i unmediated -- volume  |m A14812605431 
998 f f |a GB1197.7 .N37 1987  |t 0  |l Evans: Library Stacks